000 00345nam a2200145Ia 4500
005 20250423101632.0
008 250422s9999 xx 000 0 und d
020 _a0- 88022- 332- 4
050 _aHF 5548.4 .L67 E967/
245 0 _aUsing 1-2-3 special edition
260 _bQue corporation
260 _c1987
300 _a905 p
942 _cBK
999 _c36825
_d36825